|
|
|
|
| LEADER |
01995nam a22004213i 4500 |
| 001 |
EBC30394530 |
| 003 |
MiAaPQ |
| 005 |
20231204023230.0 |
| 006 |
m o d | |
| 007 |
cr cnu|||||||| |
| 008 |
231204s2015 xx o ||||0 eng d |
| 020 |
|
|
|a 9780472900107
|q (electronic bk.)
|
| 020 |
|
|
|z 9780472052691
|
| 035 |
|
|
|a (MiAaPQ)EBC30394530
|
| 035 |
|
|
|a (Au-PeEL)EBL30394530
|
| 035 |
|
|
|a (OCoLC)1405366774
|
| 040 |
|
|
|a MiAaPQ
|b eng
|e rda
|e pn
|c MiAaPQ
|d MiAaPQ
|
| 050 |
|
4 |
|a GV1469
|
| 082 |
0 |
|
|a 794.8
|
| 100 |
1 |
|
|a Ruggill, Judd Ethan.
|
| 245 |
1 |
0 |
|a Tempest :
|b Geometries of Play.
|
| 250 |
|
|
|a 1st ed.
|
| 264 |
|
1 |
|a Ann Arbor :
|b University of Michigan Press,
|c 2015.
|
| 264 |
|
4 |
|c Ã2015.
|
| 300 |
|
|
|a 1 online resource (211 pages)
|
| 336 |
|
|
|a text
|b txt
|2 rdacontent
|
| 337 |
|
|
|a computer
|b c
|2 rdamedia
|
| 338 |
|
|
|a online resource
|b cr
|2 rdacarrier
|
| 490 |
1 |
|
|a Landmark Video Games Series
|
| 505 |
0 |
|
|a Cover -- Title Page -- Copyright Page -- Dedication -- Contents -- List of Figures -- Introduction -- One: Reading Tempest -- Two: A Genealogy of Tempest -- Three: Contexts 48 -- Four: Life after Tempest -- Five: Conclusion -- Appendixes -- Appendix A: Relevant Software and Hardware Companies Created between 1979 and 1982 -- Appendix B: Arcade Machines Released between 1979 and 1982 -- Notes -- Works Cited -- Index.
|
| 588 |
|
|
|a Description based on publisher supplied metadata and other sources.
|
| 590 |
|
|
|a Electronic reproduction. Ann Arbor, Michigan : ProQuest Ebook Central, 2023. Available via World Wide Web. Access may be limited to ProQuest Ebook Central affiliated libraries.
|
| 655 |
|
4 |
|a Electronic books.
|
| 700 |
1 |
|
|a McAllister, Ken S.
|
| 776 |
0 |
8 |
|i Print version:
|a Ruggill, Judd Ethan
|t Tempest
|d Ann Arbor : University of Michigan Press,c2015
|z 9780472052691
|
| 797 |
2 |
|
|a ProQuest (Firm)
|
| 830 |
|
0 |
|a Landmark Video Games Series
|
| 856 |
4 |
0 |
|u https://ebookcentral.proquest.com/lib/matrademy/detail.action?docID=30394530
|z Click to View
|